| 000 | 01939nam a2200469Ii 4500 | ||
|---|---|---|---|
| 001 | DIGSCR0082 | ||
| 003 | NyNyDIG | ||
| 006 | m o d | ||
| 007 | cr ||||||||||| | ||
| 008 | 100625s1992 mdu ob 001 0 eng d | ||
| 020 | _z0916379965 | ||
| 020 | _z9780916379964 | ||
| 035 | _a(OCoLC)624449630 | ||
| 040 |
_aDGITA _beng _epn _cDGITA |
||
| 041 | 0 | _aenglatspa | |
| 050 | 1 | 4 | _aPQ6357.C53 eBook |
| 100 | 1 |
_aHahn, Juergen, _d1942- |
|
| 245 | 1 | 0 |
_aMiracles, duels, and Cide Hamete's moorish dissent / _cJuergen Hahn |
| 264 | 1 |
_aPotomac, Md., U.S.A. : _bScripta Humanistica, _c1992. |
|
| 300 | _a1 online resource (50 pages) | ||
| 336 |
_atext _btxt _2rdacontent |
||
| 337 |
_acomputer _bc _2rdamedia |
||
| 338 |
_aonline resource _bcr _2rdacarrier |
||
| 490 | 1 |
_aScripta humanistica ; _v100. |
|
| 500 | _aEnglish, with some Latin and Spanish | ||
| 504 | _aIncludes bibliographical references and index. | ||
| 505 | 0 | _aIntroduction -- Cide Hamete and the critics -- Moors and Christian theology -- Moors and miracles -- Cide Hamete and miracles -- Duels, miracles and the church -- Duels in literature -- Duels and the moors -- Duels and Cide Hamete -- Cide Hamete displaced -- Cide Hamete reinstated -- Cervantes, Cide Hamete, and dueling. | |
| 600 | 1 | 0 |
_aCervantes Saavedra, Miguel de, _d1547-1616. _tDon Quixote. |
| 650 | 0 | _aHamete Benengeli, Cide (Fictitious character). | |
| 650 | 0 | _aMuslims in literature. | |
| 650 | 0 | _aIslam in literature. | |
| 650 | 0 | _aChristianity in literature. | |
| 650 | 0 | _aDueling in literature. | |
| 650 | 0 | _aMiracles in literature. | |
| 655 | 0 | _aElectronic books. | |
| 791 | 2 |
_aDigitalia (Firm), _edistributor. |
|
| 830 | 0 |
_aScripta Humanistica (Series) ; _v100. |
|
| 793 | 0 |
_gDigitalia eBook Collection: _aScripta Humanistica. |
|
| 856 | 4 | 0 |
_3Digitalia Hispánica _uhttps://www.digitaliapublishing.com/a/239/ |
| 910 | _aPremium Collection: 2007-2012 | ||
| 942 | _cRAA | ||
| 999 |
_c229330 _d229330 |
||